000 00554nam a2200229Ia 4500
003 OSt
005 20220930190209.0
006 a|||||r|||| 00| 0
007 ta
008 220926b |||||||| |||| 00| 0 eng d
024 _a56895
037 _cTextbook
040 _aCRL
_cCRL
_beng
041 _2eng
_aeng
082 _aV2:594, E0
245 0 _aCantonments(House accommodation) Act, 1902 (II of 1902)
260 _c1910
300 _a226p.
_ccm.
650 _aHISTORY
942 _hV2:594, E0
_cTB
_2CC
999 _c891742
_d891742